Advances in Industrial Crystallization / (Record no. 12187)
[ view plain ]
| 000 -LEADER | |
|---|---|
| fixed length control field | 01325cam a2200289 a 4500 |
| 001 - CONTROL NUMBER | |
| control field | 596493 |
| 005 - DATE AND TIME OF LATEST TRANSACTION | |
| control field | 20030530132141.0 |
| 008 - FIXED-LENGTH DATA ELEMENTS--GENERAL INFORMATION | |
| fixed length control field | 910327s1991 enka b 110 0 eng |
| 010 ## - LIBRARY OF CONGRESS CONTROL NUMBER | |
| LC control number | 91003468 |
| 020 ## - INTERNATIONAL STANDARD BOOK NUMBER | |
| International Standard Book Number | 0750611731 |
| 040 ## - CATALOGING SOURCE | |
| Original cataloging agency | DLC |
| Transcribing agency | DLC |
| Modifying agency | DLC |
| 050 00 - LIBRARY OF CONGRESS CALL NUMBER | |
| Classification number | TP156.C7 |
| Item number | A385 1991 |
| 082 00 - DEWEY DECIMAL CLASSIFICATION NUMBER | |
| Classification number | 660.284298 |
| Edition number | 20 |
| Item number | ADV |
| 245 00 - TITLE STATEMENT | |
| Title | Advances in Industrial Crystallization / |
| Statement of responsibility, etc | [edited by] J. Garside, R.J. Davey, A.G. Jones. |
| 260 ## - PUBLICATION, DISTRIBUTION, ETC. (IMPRINT) | |
| Place of publication, distribution, etc | Oxford ; |
| -- | Boston : |
| Name of publisher, distributor, etc | Butterworth Heinemann, |
| Date of publication, distribution, etc | c1991. |
| 300 ## - PHYSICAL DESCRIPTION | |
| Extent | ix, 244 p. : |
| Other physical details | ill. ; |
| Dimensions | 26 cm. |
| 500 ## - GENERAL NOTE | |
| General note | Based on a meeting held to honor J.W. Mullin on his retirement from University College London, Sept. 1990. |
| 504 ## - BIBLIOGRAPHY, ETC. NOTE | |
| Bibliography, etc | Includes bibliographical references. |
| 650 #0 - SUBJECT ADDED ENTRY--TOPICAL TERM | |
| Topical term or geographic name as entry element | Crystallization |
| General subdivision | Industrial applications |
| -- | Congresses. |
| 9 (RLIN) | 7514 |
| 700 1# - ADDED ENTRY--PERSONAL NAME | |
| Personal name | Garside, J. |
| 9 (RLIN) | 7515 |
| 700 1# - ADDED ENTRY--PERSONAL NAME | |
| Personal name | Davey, R. |
| 9 (RLIN) | 7516 |
| 700 1# - ADDED ENTRY--PERSONAL NAME | |
| Personal name | Jones, A. G. |
| Fuller form of name | (Alan G.) |
| 9 (RLIN) | 7517 |
| 700 1# - ADDED ENTRY--PERSONAL NAME | |
| Personal name | Mullin, J. W. |
| Fuller form of name | (John William) |
| 9 (RLIN) | 7518 |
| 942 ## - ADDED ENTRY ELEMENTS (KOHA) | |
| Source of classification or shelving scheme | Dewey Decimal Classification |
| Item type | Book - Borrowing |
| Withdrawn status | Item status | Source of classification or shelving scheme | Damaged status | Not for loan | Vendor | Home library | Current library | Shelving location | Date acquired | Source of acquisition | Cost, normal purchase price | Serial Enumeration / chronology | Total Checkouts | Full call number | Barcode | Date last seen | Koha item type |
|---|---|---|---|---|---|---|---|---|---|---|---|---|---|---|---|---|---|
| Dewey Decimal Classification | Alahram | Central Library | Central Library | First floor | 05/07/2009 | 297.00 | 72 | 660.284298 ADV | 000017329 | 15/07/2025 | Book - Borrowing |